000 00782nab a2200241 u 4500
001 14614
003 HDC
007 cr bn ---aaaaa
008 210215c mydr|nes 0 a may d
040 _aHDC
245 0 _aJaipk tarik balik sijil halal pusat penyembelihan ayam
260 _aMalaysia:
_bUtusan Malaysia,
_c2015
336 _atext
_2rdacontent
337 _acomputer
_2rdamedia
338 _aonline resource
_2rdacarrier
650 _ahalal certifications
_98254
650 _ahalal issues
_91644
710 _aUtusan Malaysia
856 _zRequest full-text at [email protected]
942 _2lcc
942 _cNEWS
942 _kNSWC 004641
999 _c11930
_d11930